| 000 | 00684nam a22001937a 4500 | ||
|---|---|---|---|
| 999 |
_c11088 _d11088 |
||
| 003 | AR-CdUCM | ||
| 008 | 190402b ||||| |||| 00| 0 spa d | ||
| 040 |
_aMUNICIPALIDAD PROVINCIAL DEL CUSCO _cBIBLIOTECA MUNICIPAL DEL CUSCO |
||
| 082 |
_aEP / 398.21 / _bP93 |
||
| 110 |
_aAsociación para la protección de Niños y Jóvenes en América Latina _928237 |
||
| 245 | _aCuentos Infantiles en quechua / | ||
| 260 |
_aCusco : _bAsociación Pukllsunchis, _c2000. |
||
| 300 |
_a124 paginas ; _bIlustraciones, _c23 cm. |
||
| 505 | _aContenido :Cuentos en quechua / | ||
| 650 |
_aEducación primaria _91561 |
||
| 650 |
_aCuentos en quechua _918110 |
||
| 942 |
_2ddc _cLIBROS |
||
| 945 | _arjall | ||